Normal view
MARC view
- MORRISON,F.WILLIAM
Entry Personal Name
001 - CONTROL NUMBER
- control field: 133714
003 - CONTROL NUMBER IDENTIFIER
- control field: NUST
005 - DATE AND TIME OF LATEST TRANSACTION
- control field: 20260313221836.0
008 - FIXED-LENGTH DATA ELEMENTS
- fixed length control field: 260313|| aca||aabn | a|a d
040 ## - CATALOGING SOURCE
- Original cataloging agency: NUST
- Transcribing agency: NUST
100 ## - HEADING--PERSONAL NAME
- Personal name: MORRISON,F.WILLIAM
670 ## - SOURCE DATA FOUND
- Source citation: Work cat.: (NUST): MORRISON,F.WILLIAM., THE HUMAN SIDE OF NEGOTIONS /
